<?xml version="1.0" encoding="UTF-8"?>
<collection xmlns="http://www.loc.gov/MARC21/slim">
 <record>
  <leader>03682aam a22004338a 4500</leader>
  <controlfield tag="001">NCT_9678</controlfield>
  <controlfield tag="008">070620s2007                  ||||||viesd</controlfield>
  <datafield tag="999" ind1=" " ind2=" ">
   <subfield code="c">476</subfield>
   <subfield code="d">476</subfield>
  </datafield>
  <datafield tag="020" ind1=" " ind2=" ">
   <subfield code="c">34000</subfield>
  </datafield>
  <datafield tag="082" ind1="0" ind2="4">
   <subfield code="2">23rd ed.</subfield>
   <subfield code="a">615.19</subfield>
   <subfield code="b">H527</subfield>
  </datafield>
  <datafield tag="100" ind1="1" ind2=" ">
   <subfield code="a">Hoàng Thị Kim Huyền</subfield>
   <subfield code="e">Chủ biên</subfield>
  </datafield>
  <datafield tag="245" ind1=" " ind2=" ">
   <subfield code="a">Hoá dược - dược lý III </subfield>
   <subfield code="b">(Dược lâm sàng): Sách đào tạo dược sĩ trung học, mã số: T.60.Z.4</subfield>
   <subfield code="c">Hoàng Thị Kim Huyền (chủ biên)</subfield>
  </datafield>
  <datafield tag="260" ind1=" " ind2=" ">
   <subfield code="a">H.</subfield>
   <subfield code="b">Y học</subfield>
   <subfield code="c">2007</subfield>
  </datafield>
  <datafield tag="300" ind1=" " ind2=" ">
   <subfield code="a">179tr.</subfield>
   <subfield code="b">hình vẽ</subfield>
   <subfield code="c">27cm</subfield>
  </datafield>
  <datafield tag="500" ind1=" " ind2=" ">
   <subfield code="a">ĐTTS ghi: Bộ Y tế</subfield>
  </datafield>
  <datafield tag="520" ind1="3" ind2=" ">
   <subfield code="a">Định nghĩa và những nội dung phải thực hiện để đạt được mục tiêu sản xuất thuốc an toàn hợp lý. Các thông số dược động học ứng dụng trong lâm sàng. Tương tác thuốc; phản ứng bất lợi của thuốc và cảnh giác thuốc...</subfield>
  </datafield>
  <datafield tag="653" ind1=" " ind2=" ">
   <subfield code="a">Dược học</subfield>
  </datafield>
  <datafield tag="655" ind1=" " ind2=" ">
   <subfield code="a">Dược học</subfield>
  </datafield>
  <datafield tag="700" ind1="1" ind2=" ">
   <subfield code="a">Đặng Hanh Phức</subfield>
  </datafield>
  <datafield tag="700" ind1="1" ind2=" ">
   <subfield code="a">Bùi Đức Lập</subfield>
  </datafield>
  <datafield tag="700" ind1="1" ind2=" ">
   <subfield code="a">Phan Quỳnh Lan</subfield>
  </datafield>
  <datafield tag="700" ind1="1" ind2=" ">
   <subfield code="a">Nguyễn Thị Liên Hương</subfield>
  </datafield>
  <datafield tag="942" ind1=" " ind2=" ">
   <subfield code="2">ddc</subfield>
   <subfield code="c">BK</subfield>
  </datafield>
  <datafield tag="952" ind1=" " ind2=" ">
   <subfield code="0">0</subfield>
   <subfield code="1">0</subfield>
   <subfield code="2">ddc</subfield>
   <subfield code="4">0</subfield>
   <subfield code="6">615_190000000000000_H527</subfield>
   <subfield code="7">0</subfield>
   <subfield code="9">3268</subfield>
   <subfield code="a">000001</subfield>
   <subfield code="b">000001</subfield>
   <subfield code="d">2017-11-10</subfield>
   <subfield code="o">615.19 H527</subfield>
   <subfield code="p">MD.05681</subfield>
   <subfield code="r">2017-11-10</subfield>
   <subfield code="v">34000.00</subfield>
   <subfield code="w">2017-11-10</subfield>
   <subfield code="y">BK</subfield>
  </datafield>
  <datafield tag="952" ind1=" " ind2=" ">
   <subfield code="0">0</subfield>
   <subfield code="1">0</subfield>
   <subfield code="2">ddc</subfield>
   <subfield code="4">0</subfield>
   <subfield code="6">615_190000000000000_H527</subfield>
   <subfield code="7">0</subfield>
   <subfield code="9">3269</subfield>
   <subfield code="a">000001</subfield>
   <subfield code="b">000001</subfield>
   <subfield code="d">2017-11-10</subfield>
   <subfield code="o">615.19 H527</subfield>
   <subfield code="p">MD.05682</subfield>
   <subfield code="r">2017-11-10</subfield>
   <subfield code="v">34000.00</subfield>
   <subfield code="w">2017-11-10</subfield>
   <subfield code="y">BK</subfield>
  </datafield>
  <datafield tag="952" ind1=" " ind2=" ">
   <subfield code="0">0</subfield>
   <subfield code="1">0</subfield>
   <subfield code="2">ddc</subfield>
   <subfield code="4">0</subfield>
   <subfield code="6">615_190000000000000_H527</subfield>
   <subfield code="7">0</subfield>
   <subfield code="9">3270</subfield>
   <subfield code="a">000001</subfield>
   <subfield code="b">000001</subfield>
   <subfield code="d">2017-11-10</subfield>
   <subfield code="l">1</subfield>
   <subfield code="o">615.19 H527</subfield>
   <subfield code="p">MD.05683</subfield>
   <subfield code="r">2021-01-16</subfield>
   <subfield code="s">2021-01-08</subfield>
   <subfield code="v">34000.00</subfield>
   <subfield code="w">2017-11-10</subfield>
   <subfield code="y">BK</subfield>
  </datafield>
  <datafield tag="952" ind1=" " ind2=" ">
   <subfield code="0">0</subfield>
   <subfield code="1">0</subfield>
   <subfield code="2">ddc</subfield>
   <subfield code="4">0</subfield>
   <subfield code="6">615_190000000000000_H527</subfield>
   <subfield code="7">0</subfield>
   <subfield code="9">3271</subfield>
   <subfield code="a">000001</subfield>
   <subfield code="b">000001</subfield>
   <subfield code="d">2017-11-10</subfield>
   <subfield code="l">1</subfield>
   <subfield code="o">615.19 H527</subfield>
   <subfield code="p">MD.05684</subfield>
   <subfield code="r">2017-12-19</subfield>
   <subfield code="s">2017-12-07</subfield>
   <subfield code="v">34000.00</subfield>
   <subfield code="w">2017-11-10</subfield>
   <subfield code="y">BK</subfield>
  </datafield>
  <datafield tag="952" ind1=" " ind2=" ">
   <subfield code="0">0</subfield>
   <subfield code="1">0</subfield>
   <subfield code="2">ddc</subfield>
   <subfield code="4">0</subfield>
   <subfield code="6">615_190000000000000_H527</subfield>
   <subfield code="7">0</subfield>
   <subfield code="9">3272</subfield>
   <subfield code="a">000001</subfield>
   <subfield code="b">000001</subfield>
   <subfield code="d">2017-11-10</subfield>
   <subfield code="l">3</subfield>
   <subfield code="o">615.19 H527</subfield>
   <subfield code="p">MD.05685</subfield>
   <subfield code="r">2020-07-22</subfield>
   <subfield code="s">2020-07-14</subfield>
   <subfield code="v">34000.00</subfield>
   <subfield code="w">2017-11-10</subfield>
   <subfield code="y">BK</subfield>
  </datafield>
  <datafield tag="952" ind1=" " ind2=" ">
   <subfield code="0">0</subfield>
   <subfield code="1">0</subfield>
   <subfield code="2">ddc</subfield>
   <subfield code="4">0</subfield>
   <subfield code="6">615_190000000000000_H527</subfield>
   <subfield code="7">0</subfield>
   <subfield code="9">3273</subfield>
   <subfield code="a">000001</subfield>
   <subfield code="b">000001</subfield>
   <subfield code="d">2017-11-10</subfield>
   <subfield code="l">1</subfield>
   <subfield code="o">615.19 H527</subfield>
   <subfield code="p">MD.05686</subfield>
   <subfield code="r">2019-04-20</subfield>
   <subfield code="s">2019-04-06</subfield>
   <subfield code="v">34000.00</subfield>
   <subfield code="w">2017-11-10</subfield>
   <subfield code="y">BK</subfield>
  </datafield>
  <datafield tag="952" ind1=" " ind2=" ">
   <subfield code="0">0</subfield>
   <subfield code="1">0</subfield>
   <subfield code="2">ddc</subfield>
   <subfield code="4">0</subfield>
   <subfield code="6">615_190000000000000_H527</subfield>
   <subfield code="7">0</subfield>
   <subfield code="9">3274</subfield>
   <subfield code="a">000001</subfield>
   <subfield code="b">000001</subfield>
   <subfield code="d">2017-11-10</subfield>
   <subfield code="o">615.19 H527</subfield>
   <subfield code="p">MD.05687</subfield>
   <subfield code="r">2017-11-10</subfield>
   <subfield code="v">34000.00</subfield>
   <subfield code="w">2017-11-10</subfield>
   <subfield code="y">BK</subfield>
  </datafield>
  <datafield tag="952" ind1=" " ind2=" ">
   <subfield code="0">0</subfield>
   <subfield code="1">0</subfield>
   <subfield code="2">ddc</subfield>
   <subfield code="4">0</subfield>
   <subfield code="6">615_190000000000000_H527</subfield>
   <subfield code="7">0</subfield>
   <subfield code="9">3275</subfield>
   <subfield code="a">000001</subfield>
   <subfield code="b">000001</subfield>
   <subfield code="d">2017-11-10</subfield>
   <subfield code="l">1</subfield>
   <subfield code="o">615.19 H527</subfield>
   <subfield code="p">MD.05688</subfield>
   <subfield code="r">2019-12-06</subfield>
   <subfield code="s">2019-11-26</subfield>
   <subfield code="v">34000.00</subfield>
   <subfield code="w">2017-11-10</subfield>
   <subfield code="y">BK</subfield>
  </datafield>
  <datafield tag="952" ind1=" " ind2=" ">
   <subfield code="0">0</subfield>
   <subfield code="1">0</subfield>
   <subfield code="2">ddc</subfield>
   <subfield code="4">0</subfield>
   <subfield code="6">615_190000000000000_H527</subfield>
   <subfield code="7">0</subfield>
   <subfield code="9">3276</subfield>
   <subfield code="a">000001</subfield>
   <subfield code="b">000001</subfield>
   <subfield code="d">2017-11-10</subfield>
   <subfield code="l">2</subfield>
   <subfield code="o">615.19 H527</subfield>
   <subfield code="p">MD.05689</subfield>
   <subfield code="r">2020-12-24</subfield>
   <subfield code="s">2020-12-23</subfield>
   <subfield code="v">34000.00</subfield>
   <subfield code="w">2017-11-10</subfield>
   <subfield code="y">BK</subfield>
  </datafield>
  <datafield tag="952" ind1=" " ind2=" ">
   <subfield code="0">0</subfield>
   <subfield code="1">0</subfield>
   <subfield code="2">ddc</subfield>
   <subfield code="4">0</subfield>
   <subfield code="6">615_190000000000000_H527</subfield>
   <subfield code="7">0</subfield>
   <subfield code="9">3277</subfield>
   <subfield code="a">000001</subfield>
   <subfield code="b">000001</subfield>
   <subfield code="d">2017-11-10</subfield>
   <subfield code="l">1</subfield>
   <subfield code="o">615.19 H527</subfield>
   <subfield code="p">MD.05690</subfield>
   <subfield code="r">2019-12-23</subfield>
   <subfield code="s">2019-12-13</subfield>
   <subfield code="v">34000.00</subfield>
   <subfield code="w">2017-11-10</subfield>
   <subfield code="y">BK</subfield>
  </datafield>
  <datafield tag="952" ind1=" " ind2=" ">
   <subfield code="0">0</subfield>
   <subfield code="1">0</subfield>
   <subfield code="2">ddc</subfield>
   <subfield code="4">0</subfield>
   <subfield code="6">615_190000000000000_H527</subfield>
   <subfield code="7">0</subfield>
   <subfield code="9">3278</subfield>
   <subfield code="a">000001</subfield>
   <subfield code="b">000001</subfield>
   <subfield code="d">2017-11-10</subfield>
   <subfield code="o">615.19 H527</subfield>
   <subfield code="p">MD.05691</subfield>
   <subfield code="r">2017-11-10</subfield>
   <subfield code="v">34000.00</subfield>
   <subfield code="w">2017-11-10</subfield>
   <subfield code="y">BK</subfield>
  </datafield>
  <datafield tag="952" ind1=" " ind2=" ">
   <subfield code="0">0</subfield>
   <subfield code="1">0</subfield>
   <subfield code="2">ddc</subfield>
   <subfield code="4">0</subfield>
   <subfield code="6">615_190000000000000_H527</subfield>
   <subfield code="7">0</subfield>
   <subfield code="9">3279</subfield>
   <subfield code="a">000001</subfield>
   <subfield code="b">000001</subfield>
   <subfield code="d">2017-11-10</subfield>
   <subfield code="l">1</subfield>
   <subfield code="o">615.19 H527</subfield>
   <subfield code="p">MD.05692</subfield>
   <subfield code="r">2020-11-04</subfield>
   <subfield code="s">2020-10-22</subfield>
   <subfield code="v">34000.00</subfield>
   <subfield code="w">2017-11-10</subfield>
   <subfield code="y">BK</subfield>
  </datafield>
  <datafield tag="952" ind1=" " ind2=" ">
   <subfield code="0">0</subfield>
   <subfield code="1">0</subfield>
   <subfield code="2">ddc</subfield>
   <subfield code="4">0</subfield>
   <subfield code="6">615_190000000000000_H527</subfield>
   <subfield code="7">0</subfield>
   <subfield code="9">3280</subfield>
   <subfield code="a">000001</subfield>
   <subfield code="b">000001</subfield>
   <subfield code="d">2017-11-10</subfield>
   <subfield code="o">615.19 H527</subfield>
   <subfield code="p">MD.05693</subfield>
   <subfield code="r">2017-11-10</subfield>
   <subfield code="v">34000.00</subfield>
   <subfield code="w">2017-11-10</subfield>
   <subfield code="y">BK</subfield>
  </datafield>
  <datafield tag="952" ind1=" " ind2=" ">
   <subfield code="0">0</subfield>
   <subfield code="1">0</subfield>
   <subfield code="2">ddc</subfield>
   <subfield code="4">0</subfield>
   <subfield code="6">615_190000000000000_H527</subfield>
   <subfield code="7">0</subfield>
   <subfield code="9">3281</subfield>
   <subfield code="a">000001</subfield>
   <subfield code="b">000001</subfield>
   <subfield code="d">2017-11-10</subfield>
   <subfield code="l">2</subfield>
   <subfield code="o">615.19 H527</subfield>
   <subfield code="p">MD.05694</subfield>
   <subfield code="r">2021-03-30</subfield>
   <subfield code="s">2021-03-29</subfield>
   <subfield code="v">34000.00</subfield>
   <subfield code="w">2017-11-10</subfield>
   <subfield code="y">BK</subfield>
  </datafield>
  <datafield tag="952" ind1=" " ind2=" ">
   <subfield code="0">0</subfield>
   <subfield code="1">0</subfield>
   <subfield code="2">ddc</subfield>
   <subfield code="4">0</subfield>
   <subfield code="6">615_190000000000000_H527</subfield>
   <subfield code="7">0</subfield>
   <subfield code="9">3282</subfield>
   <subfield code="a">000001</subfield>
   <subfield code="b">000001</subfield>
   <subfield code="d">2017-11-10</subfield>
   <subfield code="o">615.19 H527</subfield>
   <subfield code="p">MD.05695</subfield>
   <subfield code="r">2017-11-10</subfield>
   <subfield code="v">34000.00</subfield>
   <subfield code="w">2017-11-10</subfield>
   <subfield code="y">BK</subfield>
  </datafield>
  <datafield tag="980" ind1=" " ind2=" ">
   <subfield code="a">Thư viện Trường Đại học Nam Cần Thơ</subfield>
  </datafield>
 </record>
</collection>
